Text-to-Speech Synthesis (Record no. 617714)

MARC details
000 -LEADER
fixed length control field 00408nam a22001577a 4500
008 - FIXED-LENGTH DATA ELEMENTS--GENERAL INFORMATION
fixed length control field 260313b |||||||| |||| 00| 0 eng d
020 ## - INTERNATIONAL STANDARD BOOK NUMBER
ISBN 9780521899277
Paper back/Hardbound hbk
082 ## - DEWEY DECIMAL CLASSIFICATION NUMBER
Classification number 006.54
Item number TAY
100 ## - MAIN ENTRY--AUTHOR NAME
Personal name Taylor,Paul
245 ## - TITLE STATEMENT
Title Text-to-Speech Synthesis
260 ## - PUBLICATION, DISTRIBUTION, ETC. (IMPRINT)
Place of publication New york
Name of publisher Cambridge Univ Pr
Year of publication 31 March 2009
300 ## - PHYSICAL DESCRIPTION
Number of Pages xxvii 597 p.
504 ## - BIBLIOGRAPHY, ETC. NOTE
Bibliography, etc Includes index
942 ## - ADDED ENTRY ELEMENTS (KOHA)
Koha item type English Books
Holdings
Withdrawn status Lost status Damaged status Not for loan Home library Current library Shelving location Date acquired Full call number Accession Number Price effective from Koha item type
        Anna Centenary Library Anna Centenary Library 3RD FLOOR, A WING 28.07.2010 006.54 TAY 98597 13.03.2026 English Books

Find us on the map